LEurope du XVII siecle / (Registro nro. 110973)

Detalles MARC
000 -LEADER
campo de control de longitud fija 00732nam a2200229 i 4500
001 - NÚMERO DE CONTROL
campo de control 110973
003 - IDENTIFICADOR DE NÚMERO DE CONTROL
campo de control ES-MaACL
005 - FECHA Y HORA DE LA ÚLTIMA TRANSACCIÓN
campo de control 20230906185221.0
007 - CAMPO FIJO DE DESCRIPCIÓN FÍSICA--INFORMACIÓN GENERAL
campo de control de longitud fija t|
008 - DATOS DE LONGITUD FIJA--INFORMACIÓN GENERAL
campo de control de longitud fija 061121s1932 fr r ||||1| fre d
100 1# - ENTRADA PRINCIPAL--NOMBRE DE PERSONA
Nombre de persona Ogg, David.
9 (RLIN) 86569
245 12 - MENCIÓN DEL TÍTULO
Título LEurope du XVII siecle /
Mención de responsabilidad, etc. David Ogg ; préface Henry de Jouvenel ; [traduit de la deuxième édition anglaise par L. Rambert].
260 ## - PUBLICACIÓN, DISTRIBUCIÓN, ETC.
Lugar de publicación, distribución, etc. París :
Nombre del editor, distribuidor, etc. Payot,
Fecha de publicación, distribución, etc. 1932.
300 ## - DESCRIPCIÓN FÍSICA
Extensión 612 p. ;
Dimensiones 20 cm.
490 1# - MENCIÓN DE SERIE
Mención de serie Bibliothèque historique
651 #4 - PUNTO DE ACCESO ADICIONAL DE MATERIA--NOMBRE GEOGRÁFICO
Nombre geográfico Europa-
Subdivisión general Historia-
Subdivisión cronológica S.XVII.
9 (RLIN) 164164
700 1# - ENTRADA AGREGADA--NOMBRE PERSONAL
Nombre de persona Jouvenel, Henry de.
9 (RLIN) 67042
700 0# - ENTRADA AGREGADA--NOMBRE PERSONAL
Nombre de persona Rambert, Louis.
9 (RLIN) 95073
830 0# - PUNTO DE ACCESO ADICIONAL DE SERIE-TÍTULO UNIFORME
Título uniforme Bibliothèque historique
9 (RLIN) 180899
852 ## - LOCALIZACIÓN
Ubicación ES-MaACL
Número de control de estantería A-1375
Existencias
Estatus retirado Estado de pérdida Estado de daño No para préstamo Biblioteca de origen Biblioteca actual Ubicación en estantería Fecha de adquisición Fuente de adquisición Total de préstamos Signatura topográfica completa Código de barras Visto por última vez Precio de reemplazo Tipo de ítem Koha
        Biblioteca del Ateneo de Madrid Biblioteca del Ateneo de Madrid Sala Pecera Planta 1 17/01/2008     A-1375 1115785 23/02/2023 23/02/2023 Libro impreso